000 00759nam a2200205 i 4500
001 72787
003 ES-MaACL
005 20230906171545.0
007 t|
008 040903s1936 sp ||||1| spa d
100 1 _aGoetze, Sofie.
_957581
245 1 0 _aProblemas actuales de la asistencia social
_b: sus fundamentos, la socialterapia, la psicoterapia /
_cSofie Goetze, Siddy Wronsky, Arthur Kronfeld ; traducción directa del alemán por Hertha Grimm ly Consuelo Berges.
260 _aMadrid :
_b[s.n.,
_c1936] (
_fImp. Torrens)
300 _a238 p. ;
_c22 cm.
700 1 _aWronsky, Siddy.
_9117431
700 1 _aKronfeld, Arthur.
_968891
700 1 _aGrimm, Hertha.
_960059
700 1 _aBerges, Consuelo.
_927982
852 _aES-MaACL
_jA-4787
_bR.18339
999 _c72787
_d72787